Statistics for College Football 2022 Top 30 Leading Passers

Click here to take the quiz!

General Stats

  • This quiz has been taken 23 times
    (16 since last reset)
  • The average score is 9 of 30

Answer Stats

RankSchoolYardsPlayer% Correct
1Washington3640Michael Penix
92%
10USC3010Caleb Williams
77%
18Ohio State2750CJ Stroud
77%
3North Carolina3412Drake Maye
77%
29Alabama2443Bryce Young
69%
16Oregon2774Bo Nix
54%
13Georgia2895Stetson Bennett
54%
5Mississippi State3173Will Rogers
46%
14Tennessee2888Hendon Hooker
38%
27TCU2531Max Duggan
38%
19Wake Forest2743Sam Hartman
38%
8UTSA3039Frank Harris
23%
22BYU2622Jaren Hall
23%
7Ohio3088Kurtis Rourke
23%
4Georgia Southern3302Kyle Vantrease
23%
20Purdue2675Aidan O'Connell
15%
12North Texas2912Austin Aune
15%
2Western Kentucky3550Austin Reed
15%
24Cincinnati2601Ben Bryant
15%
25Washington State2579Cameron Ward
15%
9Houston3024Clayton Tune
15%
11East Carolina2912Holton Ahlers
15%
28California2521Jack Plummer
15%
6Arizona3128Jayden de Laura
15%
15SMU2780Tanner Mordecai
15%
28San Jose State2420Chevan Cordeiro
8%
23Akron2606DJ Irons
8%
21Iowa State2644Hunter Dekkers
8%
17Memphis2770Seth Henigan
8%
26South Alabama2538Carter Bradley
0%

Score Distribution

Percentile by Number Answered

Percent of People with Each Score

Your Score History

You have not taken this quiz since the last reset